000 00390nam a2200145Ia 4500
008 240624s9999 xx 000 0 und d
041 _aeng
082 _a658.319 CAS
100 _aCASCIO WAYNE F
245 _aAPPLIED PSYCHOLOGY IN HUMAN RESOURCE MAN
250 _a(6th ed.)
260 _c2008
_aNew Delhi
_bPrentice-Hall of India
300 _axix, : 588 : p. : cm. ; 23
365 _cRS
_b36
999 _c9352
_d9352